000 01375nam a2200277 i 4500
003 DO-SdBNP
005 20250401111610.0
007 ta
008 250401e2016 dr bo r 000 0 spa d
040 _aDO-SdBNP
_bspa
_cBNPHU
_erda
082 4 _axxx
_bR426c
_222
110 1 _922040
_aRepública Dominicana
_bConsejo Nacional de Competitividad
245 1 0 _aCarta compromiso al ciudadano:
_beste documento es vigente desde diciembre 2016 a diciembre 2018 /
_cprólogo Andrés Van Der Horst Álvarez
264 _aSanto Domingo :
_bCNC,
_c2016.
300 _a37 paginas. :
_bmapas, fotografías
_c27 cm.
336 _atexto
_btxt
_2rdacontent
337 _asin mediación
_bn
_2rdamedia
338 _avolumen
_bnc
_2rdacarrier
505 _t1. Datos identificativos y fines de la Institución.--
_t2. Misión.--
_t3. Visión.--
_t4.Valores.--
_t5. Normativas reguladoras
_t6. Compromiso de calidad
_t7. Participación ciudadana
_t8. Quejas y sugerencias
_t9. Medidas de subsanación
_t10. Datos de contacto
_t11. Unidad responsable
590 _aInventariado 2023 / DG
600 4 _aBiblioteca Nacional Pedro Henríquez Ureña (República Dominicana)
_tCarta de Compromiso al Ciudadano
_y2018 - 2020
_982290
650 4 _980902
_aServicios públicos
_zRepública Dominicana
700 1 _aVan Der Horst Álvarez, Andrés
_978449
_eprólogo
_4prol.
910 _aYLockward
942 _2ddc
_cLF2
999 _c58539
_d58539